The Poet (ბიბ.ჩანაწერი № 47434)
[ მარტივი ფორმატი ]
| 000 -LEADER | |
|---|---|
| fixed length control field | 00275nam a2200133Ia 4500 |
| 001 - CONTROL NUMBER | |
| control field | 14296 |
| 003 - CONTROL NUMBER IDENTIFIER | |
| control field | GE_BSU |
| 008 - FIXED-LENGTH DATA ELEMENTS--GENERAL INFORMATION | |
| fixed length control field | 181216s||||||||xx |||||||||||||| ||und|| |
| 040 ## - CATALOGING SOURCE | |
| Transcribing agency | GE_BSU |
| 080 ## - UNIVERSAL DECIMAL CLASSIFICATION NUMBER | |
| Universal Decimal Classification number | 821.111-312.4 |
| 100 ## - MAIN ENTRY--PERSONAL NAME | |
| Personal name | Connelly,Michael |
| 245 #4 - TITLE STATEMENT | |
| Title | The Poet |
| 942 ## - ADDED ENTRY ELEMENTS (KOHA) | |
| Koha item type | წიგნი |
არაა ხელმისაწვდომი ეგზემპლარები.
